Un diente se mueve / (Record no. 29845)

MARC details
000 -LEADER
fixed length control field 00542nam a22002057a 4500
001 - CONTROL NUMBER
control field sjds
003 - CONTROL NUMBER IDENTIFIER
control field sjds
005 - DATE AND TIME OF LATEST TRANSACTION
control field 20240602190838.0
008 - FIXED-LENGTH DATA ELEMENTS--GENERAL INFORMATION
fixed length control field 240602b |||||||| |||| 00| 0 spa d
020 ## - INTERNATIONAL STANDARD BOOK NUMBER
International Standard Book Number 9780395630839
020 ## - INTERNATIONAL STANDARD BOOK NUMBER
International Standard Book Number 0395630835
040 ## - CATALOGING SOURCE
Transcribing agency sjds
100 1# - MAIN ENTRY--PERSONAL NAME
Personal name Barbot, Daniel
245 13 - TITLE STATEMENT
Title Un diente se mueve /
Statement of responsibility, etc. Daniel Barbot
246 ## - VARYING FORM OF TITLE
Title proper/short title Un diente se mueve
260 ## - PUBLICATION, DISTRIBUTION, ETC. (IMPRINT)
Place of publication, distribution, etc. Boston :
Name of publisher, distributor, etc. Houghton Mifflin,
Date of publication, distribution, etc. 1993.
300 ## - PHYSICAL DESCRIPTION
Extent 23 pages :
Other physical details color illustrations ;
Dimensions 20 x 24 cm
440 ## - SERIES STATEMENT/ADDED ENTRY--TITLE
Title Celebremos la literatura
942 ## - ADDED ENTRY ELEMENTS (KOHA)
Koha item type Libro/Book
Holdings
Withdrawn status Lost status Damaged status Not for loan Home library Current library Date acquired Inventory number Total Checkouts Full call number Barcode Date last seen Date checked out Price effective from Koha item type Checked out
        San Juan Del Sur -- Mobile San Juan Del Sur -- Mobile 02/06/2024 Inventory date: 10-2-25 1 JI 33004986 21/11/2024 02/10/2024 02/06/2024 Libro/Book  
        San Juan Del Sur -- Mobile San Juan Del Sur -- Mobile 02/06/2024 Inventory date: 10-2-25 1 JI 33004980 05/11/2024 22/10/2024 02/06/2024 Libro/Book  
        San Juan Del Sur -- Mobile San francisco de asis 02/06/2024   2   33004983 22/10/2024 22/10/2024 02/06/2024 Libro/Book 26/11/2024

Powered by Koha